Непристойная страсть: роман: пер. с англ.

Библиографические подробности
Главный автор: Маккалоу К. Колин
Примечания:Онор Лэнгтри воплощает собой доброту и заботу — качества, так необходимые для медицинской сестры. Ветеран войны Майкл Уилсон обуреваем страстями и считает себя в ответе за всех. Страсть, вспыхнувшая между ними, многим кажется непристойной. Но их любовь — лишь эхо далекой войны, докатившееся до Австралии. Войны, которая всех заставляет выбирать, что для тебя важнее — долг или прекрасное чувство. Колин Маккалоу — автор супербестселлера «Поющие в терновнике», австралийская писательница с мировым именем, умеющая писать о любви так пронзительно, как никто другой.
Язык:русский
Опубликовано: Москва, Эксмо, 2012
Серии:Мона Лиза
Предметы:
Формат: Книга
Запись в KOHA:https://koha.lib.tpu.ru/cgi-bin/koha/opac-detail.pl?biblionumber=217624

MARC

LEADER 00000nam0a2200000 4500
001 217624
005 20231031194547.0
010 |a 9785699535040 
035 |a (RuTPU)RU\TPU\book\237625 
035 |a RU\TPU\book\219377 
090 |a 217624 
100 |a 20120607d2012 m y0rusy50 ca 
101 1 |a rus  |c eng 
102 |a RU 
105 |a y z 000ay 
200 1 |a Непристойная страсть  |e роман: пер. с англ.  |f К. Маккалоу 
210 |a Москва  |c Эксмо  |a СПб.  |c Домино  |d 2012 
215 |a 463 с. 
225 1 |a Мона Лиза 
330 |a Онор Лэнгтри воплощает собой доброту и заботу — качества, так необходимые для медицинской сестры. Ветеран войны Майкл Уилсон обуреваем страстями и считает себя в ответе за всех. Страсть, вспыхнувшая между ними, многим кажется непристойной. Но их любовь — лишь эхо далекой войны, докатившееся до Австралии. Войны, которая всех заставляет выбирать, что для тебя важнее — долг или прекрасное чувство. Колин Маккалоу — автор супербестселлера «Поющие в терновнике», австралийская писательница с мировым именем, умеющая писать о любви так пронзительно, как никто другой. 
610 1 |a австралийская литература 
610 1 |a романы 
610 1 |a любовь 
610 1 |a приключения 
675 |a 82  |v 3 
700 1 |a Маккалоу  |b К.  |g Колин 
801 1 |a RU  |b 63413507  |c 20110922 
801 2 |a RU  |b 63413507  |c 20120621  |g RCR 
942 |c BK